Mahomet / (Record no. 71127)

MARC details
000 -LEADER
campo de control de longitud fija 00670nam a2200229 i 4500
001 - NÚMERO DE CONTROL
campo de control 71127
003 - IDENTIFICADOR DE NÚMERO DE CONTROL
campo de control ES-MaACL
005 - FECHA Y HORA DE LA ÚLTIMA TRANSACCIÓN
campo de control 20250815164341.0
007 - CAMPO FIJO DE DESCRIPCIÓN FÍSICA--INFORMACIÓN GENERAL
campo de control de longitud fija t|
008 - DATOS DE LONGITUD FIJA--INFORMACIÓN GENERAL
campo de control de longitud fija 040805s1969 fr ||||1| fre d
100 1# - ENTRADA PRINCIPAL--NOMBRE DE PERSONA
Nombre de persona Gaudefroy-Demombynes, Maurice.
9 (RLIN) 55992
245 10 - MENCIÓN DEL TÍTULO
Título Mahomet /
Mención de responsabilidad, etc. Maurice Gaudefroy-Demombynes.
250 ## - MENCION DE EDICION
Mención de edición [2e ed.].
260 ## - PUBLICACIÓN, DISTRIBUCIÓN, ETC.
Lugar de publicación, distribución, etc. [París] :
Nombre del editor, distribuidor, etc. Albin Michel,
Fecha de publicación, distribución, etc. [1969]
300 ## - DESCRIPCIÓN FÍSICA
Extensión 698 p. ;
Dimensiones 18 cm.
490 1# - MENCIÓN DE SERIE
Mención de serie L'évolution de l'humanité ;
Designación de volumen o secuencia 11
600 04 - PUNTO DE ACCESO ADICIONAL DE MATERIA--NOMBRE DE PERSONA
Nombre de persona Mahoma.
9 (RLIN) 75544
650 #7 - PUNTO DE ACCESO ADICIONAL DE MATERIA--TÉRMINO DE MATERIA
Término de materia o nombre geográfico como elemento de entrada Islamismo
Fuente del encabezamiento o término embne
9 (RLIN) 13903
830 0# - PUNTO DE ACCESO ADICIONAL DE SERIE-TÍTULO UNIFORME
Título uniforme L'évolution de l'humanité ;
Designación de volumen o secuencia 11
9 (RLIN) 181507
852 ## - LOCALIZACIÓN
Ubicación ES-MaACL
Número de control de estantería E-5456
Sublocalización o colección R.89806
Holdings
Estatus retirado Estado de pérdida Estado de daño No para préstamo Biblioteca de origen Biblioteca actual Ubicación en estantería Fecha de adquisición Fuente de adquisición Total de préstamos Signatura topográfica completa Código de barras Visto por última vez Precio de reemplazo Tipo de ítem Koha
        Biblioteca del Ateneo de Madrid Biblioteca del Ateneo de Madrid Depósito 2 17/01/2008     E-5456 1074476 23/02/2023 23/02/2023 Libro impreso